[Event "Ciutat Barcelona CAT-ARG 2018"]
[Site "Barcelona"]
[Date "2018.10.11"]
[Round "4"]
[White "Asis Gargatagli, Hipolito"]
[Black "Krysa, Leandro"]
[Result "1-0"]
[WhiteElo "2526"]
[BlackElo "2503"]
[Annotator "TA"]
[PlyCount "69"]
[EventDate "2018.10.08"]
[EventCountry "ESP"]
[SourceTitle "playchess.com"]
[Source "ChessBase"]
[SourceQuality "1"]

{[%evp 14,69,23,23,49,41,42,25,28,23,32,0,0,-10,2,5,14,22,47,7,11,18,25,33,35,0,3,0,0,0,0,-16,-18,-18,0,0,0,0,0,-76,-120,-109,0,0,30,30,58,58,58,58,58,58,58,59,59,0,672,668]} 1. e4 e5 2. Nf3 Nc6 3. Bc4 Bc5 4. c3 Nf6 5. d3 d6 6. Bg5 {[%cal Bc1g5,Bg5h4,Bh4g3][%mdl 32]} h6 7. Bh4 g5 8. Bg3 $1 Kf8 $146 {C54: Giuoco Piano: 4 c3 Nf6, main lines with 5 d4 and 5 d3} ({Predecessor:} 8... O-O 9. Nbd2 a6 10. a4 Ba7 11. O-O Nh7 12. h3 Kh8 13. d4 g4 14. hxg4 Bxg4 15. Be2 Rg8 16. Kh1 {0-1 (34) Salem,A (2656)-Ding,L (2760) Sharjah 2017}) 9. Nbd2 Nh5 10. Nf1 Nxg3 {White has an edge.} 11. hxg3 Kg7 12. Ne3 Bxe3 13. fxe3 {[%cal Bf2e3,Be3e4][%mdl 32]} f5 14. exf5 Bxf5 15. e4 Bg6 16. Qe2 Qd7 17. a3 Raf8 18. O-O-O a6 19. Nh2 b5 20. Ba2 a5 21. Ng4 b4 22. axb4 axb4 23. Rdf1 bxc3 24. bxc3 Ne7 25. Bc4 Qa4 26. Kd2 {[#]} (26. Ne3 $11) 26... Rb8 $1 $17 {[%cal Rb8b2] aiming for ...Rb2+.} 27. Rb1 {[#]} Qa3 (27... Bh5 $1 $17 28. Qf3 Rbf8 29. Rxh5 Rxf3 30. gxf3 Qa8) 28. Ne3 $1 $11 Qa4 29. Qg4 {Qe6 is the strong threat.} Rbf8 30. Rhf1 $40 {[%mdl 128] White is up to no good.} Qe8 31. Qe6 {Strongly threatening Rb8.} Rxf1 32. Rxf1 {Black must now prevent Qf6+.} Rf8 33. Rxf8 $1 Qxf8 34. Qd7 (34. Ke2 $14 Qe8 35. Ng4) 34... Be8 $2 {[%mdl 8192]} (34... Qf2+ $11 35. Kd1 Kf8) 35. Nf5+ {Precision: White = 61%, Black = 52%.} 1-0

[Event "Ciutat Barcelona CAT-ARG 2018"]
[Site "Barcelona"]
[Date "2018.10.11"]
[Round "4"]
[White "Diaz Camallonga, Carles"]
[Black "Peralta, Fernando"]
[Result "0-1"]
[WhiteElo "2444"]
[BlackElo "2582"]
[Annotator "TA"]
[PlyCount "154"]
[EventDate "2018.10.08"]
[EventCountry "ESP"]
[SourceTitle "playchess.com"]
[Source "ChessBase"]
[SourceQuality "1"]

{[%evp 17,154,0,8,-23,-20,-34,-34,-34,-25,-34,-29,-31,-31,-20,-13,-47,-26,-54,-43,-52,-29,-51,-16,-44,-14,-25,-11,-32,-20,-51,-16,-50,-28,-26,-25,-30,-32,-26,-39,-42,-17,-56,0,-40,-25,-28,-25,-60,-60,-152,-156,-204,-209,-242,-238,-255,-221,-203,-178,-211,-209,-343,-344,-338,-345,-317,-263,-338,-393,-455,-453,-404,-279,-268,-265,-300,-273,-261,0,-272,-272,-590,-586,-580,-243,-242,-242,-410,-414,-397,-414,-414,-412,-386,-369,-389,-383,-414,-398,-430,-430,-491,-489,-524,-497,-528,-506,-755,-754,-741,-631,-708,-545,-766,-564,-4999,-689,-29980,-29981,-7268,-820,-772,-729,-792,-729,-737,-671,-5152,-5405,-4610,-4606,-29987,-1979,-1533,-1360,-29990,-29991,-29991,-29992]} 1. e4 d6 2. d4 Nf6 3. Nc3 g6 4. Nf3 Bg7 5. h3 O-O 6. Be3 a6 7. a4 b6 8. Bc4 e6 9. Qd2 {B08: Pirc Defence: Classical System} (9. O-O Bb7 10. d5 e5 11. Ne1 Qe8 12. Nd3 Nh5 13. Qd2 f5 14. f3 Nd7 15. a5 b5 16. Bb3 Kh8 17. Ne2 Ndf6 18. Qb4 fxe4 19. fxe4 {0-1 (58) Idani,P (2568)-Sethuraman,S (2635) Al Ain 2015}) 9... Bb7 {LiveBook: 5 Games} 10. Bg5 d5 11. Bd3 {[#] Threatens to win with e5.The position is equal.} h6 $146 ({Predecessor:} 11... dxe4 12. Nxe4 Nxe4 13. Bxe4 Qc8 14. Bxb7 Qxb7 15. O-O c5 16. dxc5 bxc5 {½-½ (72) Pira,D (2350)-Belotti,B (2405) Toulouse 1993}) 12. Bxf6 $1 Qxf6 13. exd5 exd5 14. Ne2 c5 15. c3 Nc6 {[%cal Bb8c6,Bc6a5,Ba5c4][%mdl 32]} 16. O-O Na5 {...Nb3 is the strong threat.} 17. Rae1 Nc4 18. Qc1 Rac8 19. Ng3 Qd6 20. Re2 Rfe8 21. Rfe1 Rxe2 22. Nxe2 Re8 23. Bc2 h5 24. Kf1 Bf6 25. b3 Na5 26. Qd2 Nc6 27. Rd1 Kg7 $36 {[%mdl 2048] Black is pushing.} 28. Rb1 Re7 29. Rd1 Re8 30. Rb1 Rc8 31. Bd3 cxd4 32. Nexd4 Ne5 33. Nxe5 ({Better is} 33. Ng1 $1 $15) 33... Qxe5 $17 34. Nf3 Qxc3 35. Qe2 a5 36. Bb5 Rc7 37. Ne1 Re7 38. Qd3 d4 39. Bc4 (39. Qd1 $142) 39... Be4 $19 40. Qxc3 dxc3 41. Bd3 Bb7 42. Nc2 Rd7 43. Ne1 Bg5 44. Ke2 Be7 45. Rc1 Ba3 46. Rd1 Re7+ 47. Kf1 Rd7 48. Ke2 h4 49. Nf3 $2 (49. f3 {is tougher.}) 49... Re7+ 50. Kf1 {[#]} Ba6 $1 {[%mdl 512]} 51. Bxa6 {aiming for Bd3.} c2 52. Be2 $2 (52. Ra1 {only move.}) 52... Rc7 ({Weaker is} 52... cxd1=B 53. Bxd1 Rd7 54. Be2 $19) 53. g4 hxg3 ({Much less strong is} 53... cxd1=R+ 54. Bxd1 Be7 55. Nd2 $19) 54. fxg3 cxd1=Q+ ({Don't take} 54... cxd1=R+ 55. Bxd1 Rc3 56. g4 $19) 55. Bxd1 {[%mdl 4096] Endgame KRB-KBN} Rc3 56. g4 Bc5 57. Ke2 f5 58. gxf5 gxf5 59. h4 f4 60. Kd2 Re3 61. Kc2 Kg6 62. Nd2 Bb4 63. Nc4 Rc3+ 64. Kb2 Rh3 65. h5+ Kf6 66. Nxb6 f3 67. Nd5+ Ke5 68. Ne3 f2 (68... Kd4 $142 69. Ng4 Rg3) 69. Nf1 Kd4 70. Be2 Bf8 71. Kc2 Rc3+ 72. Kb2 Bh6 73. Bb5 Bc1+ 74. Ka2 Rc5 (74... Rc2+ $142 75. Kb1 Kc3 76. Ng3 Kxb3 77. Bd3 Rc3 78. Bf1 Rxg3 79. Kxc1 Rg1 80. Kd2 Rxf1 81. Ke2 Rh1 82. Kxf2 Kxa4 83. Kg3 Kb3 84. Kg2 Rxh5 85. Kg3 a4 86. Kf3 a3 87. Kg4 Ra5 88. Kf3 a2 89. Kf4 a1=Q 90. Ke3 Qf6 91. Kd2 Re5 92. Kc1 Re1+ 93. Kd2 Qc3#) 75. Kb1 Bf4 {( -> ...Kc3)} 76. Be2 Kc3 77. Bd1 Re5 {Precision: White = 33%, Black = 60%.} 0-1

[Event "Ciutat Barcelona CAT-ARG 2018"]
[Site "Barcelona"]
[Date "2018.10.12"]
[Round "5"]
[White "Mareco, Sandro"]
[Black "Diaz Camallonga, Carles"]
[Result "1/2-1/2"]
[WhiteElo "2653"]
[BlackElo "2444"]
[Annotator "TA"]
[PlyCount "141"]
[EventDate "2018.10.08"]
[EventCountry "ESP"]
[SourceTitle "playchess.com"]
[Source "ChessBase"]
[SourceQuality "1"]

{[%evp 9,141,14,18,10,14,4,8,12,45,46,66,34,74,54,106,99,108,43,80,19,78,45,42,45,71,23,21,-70,-68,-67,-66,-79,-72,-108,-12,-12,-12,-12,-12,-30,-12,-12,-12,-12,-12,-71,0,0,0,0,47,0,25,-25,25,25,25,25,25,19,107,107,107,107,107,107,107,107,107,107,126,115,127,126,125,119,133,133,133,118,122,99,133,99,125,100,125,99,100,99,114,99,99,99,133,99,99,99,99,0,111,8,8,-16,111,111,111,111,111,111,111,87,111,111,111,111,111,111,110,-3,-3,-3,-3,-3,-3,-3,-3,-3,-3,-3,-3,-9,-9,-10]} 1. c4 e6 2. Nc3 Bb4 3. e4 Ne7 4. Nf3 (4. a3 Bxc3 5. bxc3 d6 6. Nf3 b6 7. d4 Bb7 8. Bd3 Qd7 9. O-O Nbc6 10. a4 Na5 11. Ba3 {½-½ (74) Korobov,A (2685)-Dragun,K (2568) Batumi 2018}) 4... O-O 5. d4 d6 6. Bd2 $146 {A13: English Opening: 1...e6} ({Predecessor:} 6. Qb3 c5 7. a3 Bxc3+ 8. Qxc3 cxd4 9. Nxd4 e5 10. Nc2 Be6 11. Bd3 {½-½ (29) Smith,A (2491)-Cramling,P (2452) Ronneby 2018}) 6... c5 7. a3 Ba5 8. Bd3 e5 9. d5 Ng6 10. g3 Nd7 11. h4 {[%cal Bh2h4,Bh4h5][%mdl 32]} Nf6 (11... Ne7 $14) 12. h5 $16 Ne7 13. Nh4 (13. h6 $16) 13... a6 14. Qe2 ({White should play} 14. h6 $16) 14... Rb8 (14... h6 $11) 15. Rb1 Bxc3 16. Bxc3 b5 17. cxb5 (17. h6 $5) 17... axb5 18. b4 (18. h6 $11 g6 19. Bd2) 18... c4 $15 19. Bc2 h6 20. Ng2 Ra8 21. Bb2 Qc7 (21... Bg4 $17 22. f3 Bxh5) 22. Ne3 $11 Nh7 {And now ...f5 would win.} 23. g4 $1 Ng5 24. f3 Bd7 25. Kf2 Nc8 26. Kg2 Nb6 27. Nd1 {[#]} (27. Ra1 $11 {remains equal.}) 27... f6 ({Better is} 27... f5 $1 $17 {[%mdl 512]} 28. gxf5 (28. exf5 Nxd5) 28... Nxd5 $1 {[%mdl 512]} 29. exd5 Bxf5) 28. Nc3 Ra6 29. Ra1 {[%cal Bb1a1,Ba1a2,Ba2b2][%mdl 32]} Rfa8 30. Qf2 Qd8 31. Bc1 Qe7 32. Be3 Rb8 ({But not} 32... Rxa3 $6 33. Rxa3 Rxa3 34. Nb1 $16) 33. Rhb1 Qe8 34. Ra2 Na8 {[#]} (34... Kh7 $11) 35. a4 $1 $16 Nc7 {[%cal Rb5a4]} 36. a5 Raa8 37. Re1 Na6 {[#]} 38. Rb2 $1 Qe7 39. Bd2 Nf7 40. Nd1 Rb7 41. Bc3 Re8 42. Ne3 Qd8 43. Bd1 Ng5 44. Be2 Qe7 45. Rc1 Rc8 46. Bd2 Qe8 47. Rbc2 Rcb8 48. Kg3 Qe7 49. Qf1 Qe8 50. Kg2 Qe7 51. Rb2 Nf7 52. Nd1 Qe8 53. Be3 Ng5 54. Bb6 (54. Nc3 $16) 54... Qf7 (54... g6 $1 $11 {keeps the balance.}) 55. Ne3 (55. Qf2 $16) 55... Nc7 $1 $11 56. Nd1 Na8 (56... f5 $11) 57. Be3 $16 {Threatens to win with a6.} Nc7 58. Nc3 Qe8 59. Ra1 {Strongly threatening a6.} Na6 60. Bb6 Rc8 61. Rc1 Nc7 62. Bf2 Na6 63. Be3 Nc7 64. a6 ({White should try} 64. Kg1 $16) 64... Nxa6 $11 {The position is equal.} 65. Ra1 Nc7 66. Rba2 Ra8 67. Rxa8 Nxa8 68. Ra6 Nf7 69. Qa1 Nc7 70. Ra5 Qc8 71. Qa3 {Precision: White = 48%, Black = 37%.} 1/2-1/2

[Event "Ciutat Barcelona CAT-ARG 2018"]
[Site "Barcelona"]
[Date "2018.10.12"]
[Round "5"]
[White "Lopez Martinez, Josep Manuel"]
[Black "Peralta, Fernando"]
[Result "0-1"]
[WhiteElo "2581"]
[BlackElo "2582"]
[Annotator "TA"]
[PlyCount "146"]
[EventDate "2018.10.08"]
[EventCountry "ESP"]
[SourceTitle "playchess.com"]
[Source "ChessBase"]
[SourceQuality "1"]

{[%evp 23,146,26,31,32,34,24,44,33,37,29,70,28,37,28,33,10,20,0,0,-22,11,-26,0,-26,0,-35,0,0,0,-37,-3,-116,-104,-109,-98,-193,-193,-185,-197,-211,-212,-207,-206,-211,-213,-389,-211,-205,-204,-412,-406,-29980,-29981,-29981,-29982,-29982,-29983,-5297,-1232,-1783,-493,-214,-59,-89,0,-807,-769,-29985,-29986,-29982,-29983,-5601,-648,-642,-642,-635,-621,-752,-683,-936,-888,-864,-854,-807,-770,-697,-331,-860,-635,-697,-267,-230,0,-704,-705,-647,-614,-929,-1130,-5302,-5171,-3197,0,0,0,0,0,0,0,-1013,-936,-4120,-2546,-6090,-6090,-5525,-1596,-29965,-29966,-29975,-29973,-29977,-29978,-29984,40]} 1. d4 Nf6 2. c4 e6 3. Nc3 Bb4 4. Qc2 O-O 5. Nf3 d6 6. Bd2 Nbd7 7. a3 Bxc3 8. Bxc3 Qe7 9. e3 b6 10. Be2 Bb7 11. b4 Ne4 12. Bb2 f5 13. Rd1 {E32: Nimzo-Indian: Classical (4 Qc2): 4...0-0} a5 14. O-O {[#]} Ng5 $146 ({Predecessor:} 14... Kh8 15. d5 e5 16. Nd2 Nxd2 17. Qxd2 f4 18. f3 Qg5 {½-½ (18) Berczes,D (2514)-Kuzubov,Y (2622) Stockholm 2008}) 15. d5 {White is slightly better.} axb4 16. axb4 c5 17. b5 Ne4 18. dxe6 Qxe6 19. Ne1 Ne5 20. f3 Nf6 21. Qc3 Rae8 22. Nc2 Re7 23. Rd2 Ne8 24. Rfd1 Qh6 25. Qa3 Ng6 26. Kh1 Nh4 27. Rf1 (27. Qd3 $11) 27... f4 $1 $17 {[%cal Rf4e3]} 28. exf4 Qxf4 $40 {[%mdl 128] Black goes for the king.} 29. Qc3 {[#]} (29. Qd3 $17 {keeps fighting.}) 29... Nxg2 $1 $19 {[%mdl 512]} 30. Kxg2 {[#] Black must now prevent Kg1.} Rxe2+ $1 {[%mdl 512]} 31. Rxe2 Qg4+ $1 32. Kf2 ({Don't blunder} 32. Kh1 $2 Rxf3 33. Rxf3 Bxf3+ 34. Qxf3 Qxf3+ $19) 32... Bxf3 33. Ke1 Bxe2 34. Rxf8+ Kxf8 35. Ne3 Qh5 36. Nd5 $2 (36. Qc2 {was called for.} Bf3 37. Qf5+ Qxf5 38. Nxf5) 36... Bf3 $1 37. Nxb6 (37. Qd3 $19 Bxd5 38. cxd5) 37... Qh4+ 38. Kf1 Qh3+ 39. Kf2 Qg2+ 40. Ke3 Qe2+ 41. Kf4 Qe4+ (41... Bh1 $142 42. Nd7+ Kg8) 42. Kg3 Qg4+ (42... Bh1 $19 {is more deadly. And now ...Qg2+ would win.} 43. Kf2 Nf6) 43. Kf2 $17 Qg2+ $2 {[%mdl 8192]} (43... Bb7 $17 44. Nd5 Qf5+ 45. Qf3 Qxf3+ 46. Kxf3 Nc7) 44. Ke3 $19 {If only White now had time for Qd2....} Nf6 {( -> ...Qe2+)} 45. Qe1 Ng4+ 46. Kf4 {[#]} g5+ $1 {[%mdl 512]} 47. Kf5 (47. Kxg5 Nf2+) 47... Nh6+ (47... Ne5 $142 48. Ke6 Qxb2 49. Nd7+ Nxd7 50. Kxd7 Qg7+ 51. Kxd6 Qd4+ 52. Kc7 Qxc4) 48. Ke6 {Threatens to win with Nd7+.} Qxb2 49. Nd7+ Kg7 50. Kxd6 Qxh2+ 51. Kxc5 Qc7+ 52. Kb4 Qxd7 53. Qc3+ Kg6 54. Qxf3 Nf5 (54... Qd6+ $142 55. Kb3 Nf5) 55. Qe4 $2 (55. b6 Qd2+ 56. Qc3) 55... Qd2+ 56. Ka4 {Threatening Qe6+.} Qa2+ $2 (56... Qd6 {...Kf6 is the strong threat.} 57. Qe8+ Kg7) 57. Kb4 Qd2+ 58. Ka4 {With the idea Qe6+.} Qd6 59. Qe8+ Kg7 60. Qe4 Qc5 61. b6 Nd6 62. Qe7+ Kg6 $2 (62... Kg8 $1 $19 63. Qe6+ Kf8 64. Qf6+ Ke8 65. Qe6+ Kd8 66. Qg8+ Kd7 67. Qxh7+ Kc8 68. Qg8+ Kb7) 63. Qe6+ $11 Kh5 64. Qh3+ Kg6 65. Qe6+ Kg7 66. Qe7+ {[#]} Kg8 $1 67. Qe6+ {[#]} Kf8 $1 68. Qf6+ Ke8 69. Qh8+ Kd7 70. Qxh7+ Kc8 {Black mates.} 71. Qh3+ Kb8 72. Qd7 Qxc4+ 73. Ka5 Qb5+ {[%mdl 32768] Precision: White = 30%, Black = 58%. . Loss on Time!?} ({Weaker is} 73... Nb7+ 74. Qxb7+ Kxb7 $11) 0-1

[Event "Ciutat Barcelona CAT-ARG 2018"]
[Site "Barcelona"]
[Date "2018.10.12"]
[Round "5"]
[White "Perez Ponsa, Federico"]
[Black "Asis Gargatagli, Hipolito"]
[Result "1/2-1/2"]
[WhiteElo "2554"]
[BlackElo "2526"]
[Annotator "TA"]
[PlyCount "106"]
[EventDate "2018.10.08"]
[EventCountry "ESP"]
[SourceTitle "playchess.com"]
[Source "ChessBase"]
[SourceQuality "1"]

{[%evp 9,106,13,17,22,17,13,13,15,16,15,22,20,20,20,20,-73,21,18,18,25,73,55,58,63,77,46,80,38,45,45,45,40,45,0,0,0,42,36,44,42,42,39,35,32,47,47,47,47,47,46,47,42,55,47,54,29,29,33,53,53,62,62,62,62,62,62,62,62,62,62,62,56,62,56,62,50,57,50,50,50,50,50,50,50,50,50,58,47,47,47,47,28,28,23,23,0,0,0,6]} 1. e4 c5 2. Nc3 d6 3. Nf3 Nf6 4. e5 dxe5 5. Nxe5 a6 6. g3 {B50: Sicilian: 2...d6, Miscellaneous} Qc7 7. d4 e6 {aiming for ...cxd4.} 8. Nc4 cxd4 $146 ({Predecessor:} 8... b5 9. Bg2 bxc4 10. Bxa8 Qa7 11. Bg2 cxd4 12. Ne4 Be7 13. c3 Bb7 14. Nxf6+ Bxf6 {½-½ (21) Andreikin,D (2580)-Rodshtein,M (2626) Plovdiv 2008}) 9. Qxd4 Bc5 $1 {[%cal Rc5d4]} 10. Qf4 Qc6 11. Rg1 $36 {[%mdl 2048] White has good play.} O-O $1 12. Bg2 {[#]} (12. Be3 $1 $11 {remains equal.}) 12... Nd5 (12... e5 $1 $17 {[%cal Re5f4][%mdl 512]} 13. Qh4 (13. Nxe5 Qe6 $17) 13... Qe6) 13. Nxd5 $11 exd5 14. Be3 Qe6 {And now ...d4 would win.} 15. O-O-O d4 $1 {[%cal Rd4e3]} 16. Rxd4 Bxd4 17. Qxd4 Nc6 18. Qc5 {[%mdl 1024] White has strong compensation.} Bd7 19. Rd1 Rad8 20. Bg5 Rde8 $1 21. Bf4 Rd8 $1 22. Bg5 Rde8 $1 23. Nd6 Qxa2 {White must now prevent ...Re5.} 24. Nxe8 Rxe8 25. Qa3 ({Not} 25. Rxd7 $2 Qa1+ 26. Kd2 Qe1+ 27. Kd3 Ne5+ 28. Qxe5 Qxe5 $19) 25... Qxa3 26. bxa3 Bg4 27. Rd6 h6 28. Be3 Rd8 29. Rxd8+ Nxd8 $14 {[%mdl 4096] Endgame KBB-KBN} 30. Kd2 Nc6 31. Kc3 (31. c4 {feels hotter.} Be6 32. Kc3 f6 33. Bf3 Kf7 34. Bh5+) 31... Be6 32. Bxc6 bxc6 {KB-KB} 33. Kb4 Kf8 34. Kc5 Ke8 35. Kxc6 Kd8 36. Kd6 h5 37. Bg5+ Kc8 38. Bd2 Kb7 39. Ba5 g6 40. Kc5 Bf5 41. c3 Be6 42. h4 Bg4 43. Bb6 Bd1 44. Bd8 Kc8 45. Bg5 Kb7 46. c4 Bb3 47. Bf4 Ba2 48. a4 Bb3 49. a5 Ba2 50. f3 Bb3 51. g4 Bd1 52. gxh5 gxh5 53. Kd6 Bxf3 {Precision: White = 65%, Black = 72%.} 1/2-1/2

[Event "Ciutat Barcelona CAT-ARG 2018"]
[Site "Barcelona"]
[Date "2018.10.12"]
[Round "5"]
[White "Guerra Mendez, Jose Angel"]
[Black "Pichot, Alan"]
[Result "1/2-1/2"]
[WhiteElo "2534"]
[BlackElo "2556"]
[Annotator "TA"]
[PlyCount "89"]
[EventDate "2018.10.08"]
[EventCountry "ESP"]
[SourceTitle "playchess.com"]
[Source "ChessBase"]
[SourceQuality "1"]

{[%evp 21,89,0,0,0,0,0,0,0,0,0,0,0,0,0,0,0,0,0,0,0,0,0,0,0,0,0,0,0,0,-32,-25,-57,-62,-59,-47,-31,-8,-94,8,6,6,6,7,0,0,0,0,0,0,0,0,0,0,0,0,0,0,0,0,0,0,0,0,0,0,0,0,0,0,0]} 1. e4 c5 2. Nf3 Nc6 3. d4 cxd4 4. Nxd4 e6 5. Nc3 Qc7 6. Be3 a6 7. Qd2 Be7 {B48: Sizilianisch (Paulsen-Variante)} (7... Nf6 8. f4 Bb4 9. Bd3 Na5 10. a3 Bxc3 11. Qxc3 Qxc3+ 12. bxc3 d5 13. exd5 exd5 14. Nb3 Nc4 15. Bd4 Ne4 {1-0 (57) Carlsen,M (2834)-Matlakov,M (2718) Wijk aan Zee 2018}) 8. O-O-O Nf6 9. f3 b5 10. g4 {[%cal Bg2g4,Bg4g5][%mdl 32]} Nxd4 11. Bxd4 Bb7 {LiveBook: 86 Partien} 12. g5 Nh5 13. Be5 Qxe5 14. Qxd7+ Kf8 15. Qxb7 Bxg5+ 16. Kb1 Qb8 $146 {[%cal Rb8b7]} 17. Rd7 Qxb7 18. Rxb7 Bf6 19. a4 Bxc3 20. bxc3 bxa4 21. Bxa6 g5 22. Bb5 Kg7 23. c4 Rac8 24. Rd1 Nf4 25. Rdd7 Rhf8 26. Rbc7 Rxc7 27. Rxc7 $15 {[%mdl 4096] Endspiel KTL-KTS} Rb8 28. Ka2 h5 29. Ka3 (29. Bd7 $11) 29... g4 (29... Ng6 $17 30. Kxa4 Rh8) 30. fxg4 $11 {Die Stellung ist ausgeglichen.} hxg4 31. Rd7 Ne2 32. Ba6 Rh8 33. c5 {[#] Und weiter mit c6 wäre nett.} Rxh2 34. c6 {Droht c7 und aus.} g3 35. c7 g2 36. Rd1 Rh1 37. Bxe2 Rxd1 38. Bxd1 g1=Q 39. c8=Q {[#] zielt auf Dc3+ ab.} Qxd1 {KD-KD} 40. Qc3+ Kg6 41. Qg3+ Kf6 42. Qf4+ Kg7 43. Qg3+ Kf8 44. Qb8+ Ke7 {( -> ...Da1+)} 45. Qc7+ {Precision: Weiß = 69%, Schwarz = 77%.} 1/2-1/2

[Event "Ciutat Barcelona CAT-ARG 2018"]
[Site "Barcelona"]
[Date "2018.10.12"]
[Round "5"]
[White "Krysa, Leandro"]
[Black "Alonso Rosell, Alvar"]
[Result "1/2-1/2"]
[WhiteElo "2503"]
[BlackElo "2526"]
[Annotator "TA"]
[PlyCount "136"]
[EventDate "2018.10.08"]
[EventCountry "ESP"]
[SourceTitle "playchess.com"]
[Source "ChessBase"]
[SourceQuality "1"]

{[%evp 10,136,26,18,24,23,39,26,33,24,24,26,30,30,27,9,23,11,18,16,21,33,28,21,22,20,29,26,26,21,41,41,51,35,41,35,30,13,25,24,25,14,24,0,0,0,0,0,0,0,0,-4,-4,-4,0,-86,-93,-122,-121,-253,-243,-318,-121,-121,-121,-164,-149,-151,-144,-149,-140,-163,-140,-368,-12,-385,-382,-320,-305,-312,-286,-245,-126,-264,-174,-398,-391,-454,-427,-405,-405,-405,-390,-390,-285,-277,-277,-277,-277,-277,-8,-8,-8,-277,0,0,0,0,0,0,0,0,0,0,0,0,0,0,0,0,0,0,0,0,0,0,0,0,0]} 1. d4 f5 2. c4 Nf6 3. Nc3 e6 4. Nf3 Bb4 5. Qb3 Qe7 6. Bg5 {LiveBook: 31 Games} Bxc3+ {A85: Dutch Defence: 2 c4 Nf6 3 Nc3} (6... O-O 7. g3 b6 8. Bg2 Bb7 9. O-O Bxc3 10. Qxc3 d6 11. d5 exd5 12. Nd4 c5 13. Nxf5 Qd7 14. Qc2 {½-½ (33) Postny,E (2585)-Gleizerov,E (2579) Zagreb 2011}) 7. Qxc3 h6 8. Bxf6 Qxf6 {White has an edge.} 9. g3 b6 10. Bg2 {Threatening Ne5.} Bb7 $1 11. O-O O-O 12. Ne5 $146 ({Predecessor:} 12. Rfd1 d6 13. e3 Be4 14. Ne1 {0-1 (57) Arabidze,M (2403)-Hoang,T (2472) Chakvi 2015}) 12... Bxg2 13. Kxg2 d6 14. Qf3 c6 $1 15. Nxc6 Nxc6 16. Qxc6 Qxd4 17. b3 Rad8 18. Rad1 Qc5 19. Qf3 Rd7 20. Rd3 Rc8 21. e4 Rf8 22. exf5 Rxf5 23. Qa8+ Kh7 24. Qe4 d5 25. Qxe6 Rdf7 {[%cal Rf5f2]} 26. Qe3 ({Don't go for} 26. cxd5 $2 Rxf2+ 27. Kh3 (27. Rxf2 $2 Qxf2+ 28. Kh3 Rf5 $19) 27... Rxf1 $19) 26... dxc4 27. bxc4 Qxc4 28. a3 {[#]} Re5 $1 {[%mdl 512]} 29. Qxe5 Qxd3 $11 {[%mdl 4096] Endgame KQR-KQR} 30. Qb2 Rf3 31. Ra1 b5 {[%cal Bb6b5,Bb5a4,Ba4a3][%mdl 32]} 32. a4 (32. Re1 $11 {remains equal.}) 32... Qe4 $17 33. Kg1 bxa4 34. Qa2 (34. Rd1 $17) 34... a3 $19 35. Rc1 {[#]} Rd3 $2 (35... Re3 $1 $19 {[%mdl 512] has better winning chances.} 36. Ra1 (36. fxe3 Qxe3+) 36... Rc3) 36. Qc2 $17 a5 37. h4 Rd4 $1 38. Qb3 Qd3 $1 {[%cal Rd3b3]} 39. Qf7 Rd7 40. Qe6 Rd6 $36 {[%mdl 2048] Black is really pushing.} 41. Qa2 $2 (41. Qf7 $17) 41... Qd2 $2 (41... Rb6 $1 $19 {[%cal Rb6b2]} 42. Kg2 Rb2) 42. Qb1+ $2 {[%mdl 8192]} (42. Qxa3 $11 a4 43. Ra1) 42... Rd3 $19 {Hoping for ...a2.} 43. Rc2 Qd1+ 44. Qxd1 Rxd1+ {KR-KR} 45. Kg2 Rb1 ({Black should try} 45... Kg6 $19 46. Kf3 Rb1) 46. Kf3 (46. Ra2 $17 {was necessary.}) 46... Rb3+ 47. Ke4 $2 (47. Kg2 {was forced.}) 47... Rb2 48. Rc3 Rb4+ $1 49. Kf5 {[#]} Ra4 $1 {Threatens to win with ...a2.} ({Weaker is} 49... g6+ 50. Ke6 $11) 50. Rc1 a2 51. Ra1 h5 52. Kg5 g6 53. f3 Kg7 54. g4 {[#]} Kf7 $2 (54... hxg4 $1 $19 55. fxg4 Ra3) 55. gxh5 $11 gxh5 56. f4 $2 {[%mdl 8192]} (56. Kf5 $11 {and White has nothing to worry.}) 56... Kg7 $2 (56... Ke6 $19 57. Kg6 Rxf4 58. Rxa2 Rf5) 57. Kxh5 {The position is equal.} Kf6 {Strongly threatening ...Kf5.} 58. Kg4 Ra3 59. h5 Ra4 60. Kf3 Kf5 61. Ke3 Ra3+ 62. Kd2 Rh3 63. Kc2 Rxh5 64. Rxa2 Rh2+ 65. Kb3 Rxa2 66. Kxa2 Kxf4 67. Ka3 a4 68. Kxa4 Ke5 {Precision: White = 51%, Black = 53%.} 1/2-1/2

[Event "Ciutat Barcelona CAT-ARG 2018"]
[Site "Barcelona"]
[Date "2018.10.14"]
[Round "6"]
[White "Mareco, Sandro"]
[Black "Lopez Martinez, Josep Manuel"]
[Result "1-0"]
[WhiteElo "2653"]
[BlackElo "2581"]
[Annotator "TA"]
[PlyCount "65"]
[EventDate "2018.10.08"]
[EventCountry "ESP"]
[SourceTitle "playchess.com"]
[Source "ChessBase"]
[SourceQuality "1"]

{[%evp 16,65,22,18,41,31,41,40,54,58,79,64,76,65,72,55,103,94,102,98,102,112,139,151,137,137,143,150,168,155,179,167,176,189,175,171,239,231,238,230,239,235,249,169,228,181,204,192,183,187,926,920]} 1. c4 e6 2. Nf3 d5 3. e3 dxc4 4. Bxc4 c5 5. b3 Nf6 6. Bb2 a6 7. O-O Nc6 8. d4 cxd4 9. Nxd4 Bd7 {D27: Queen's Gambit Accepted: Classical main line: 7 e4!? and 7 a4} 10. Nf3 Qc7 11. Nbd2 Bd6 {White is slightly better.} 12. Rc1 Rd8 $146 ({Predecessor:} 12... O-O 13. Bd3 Rfd8 14. Nc4 Be7 15. Ng5 Be8 16. Qe2 Rd5 17. f4 {½-½ (39) Sadler,M (2660)-Brandenburg,D (2527) Wijk aan Zee 2012}) 13. h3 O-O 14. Qc2 Qa5 15. a3 Ne5 16. Bxe5 $1 Bxe5 {[#]} 17. b4 $1 {[%cal Rb4a5]} Qc7 {[#]} 18. Bxa6 $1 {[%mdl 512]} bxa6 19. Qxc7 Bxc7 20. Rxc7 Bb5 21. Rfc1 Nd5 22. Ra7 h6 23. Ne4 Ra8 24. Rxa8 Rxa8 25. Nd4 e5 (25... Bd3 {is a better defense.}) 26. Nxb5 $18 axb5 {[%mdl 4096] Endgame [#] KRN-KRN} 27. Rc5 $1 {[%cal Rc5d5]} Nf6 28. Nd6 ({Inferior is} 28. Rxb5 Nxe4 29. Rxe5 Nc3 $11) 28... Rxa3 29. Rxe5 Ra1+ 30. Kh2 Ra2 31. f3 ({Don't do} 31. Nxb5 $6 Rxf2 32. Nd6 Rd2 $16) 31... Rd2 32. Nf5 Nd5 $2 {[#]} (32... g6) 33. Rxd5 $1 {[%mdl 512] Precision: White = 96%, Black = 46%.} 1-0